Sports Quiz

Random Sports Quiz

2011 NLL Teams Quiz Stats

Quiz not verified by Sporcle

Challenge
Share
Tweet
Embed
Score 0/10 Timer 01:00
0 Plays Today
Division NLL Team % Correct
EastRochester Knighthawks
93.1%
EastBuffalo Bandits
86.2%
EastToronto Rock
82.8%
WestCalgary Roughnecks
79.3%
EastPhiladelphia Wings
75.9%
WestEdmonton Rush
75.9%
WestMinnesota Swarm
69%
WestWashington Stealth
65.5%
EastBoston Blazers
58.6%
WestColorado Mammoth
58.6%

You're not logged in!

Compare scores with friends on all Sporcle quizzes.
Join for Free
OR
Log In

You Might Also Like...

Show Comments

Extras

Created Jun 29, 2011ReportNominate
Tags:2011, division, nll, NLL Teams, team

Top Quizzes Today


Score Distribution

Your Account Isn't Verified!

In order to create a playlist on Sporcle, you need to verify the email address you used during registration. Go to your Sporcle Settings to finish the process.

Report this User

Report this user for behavior that violates our Community Guidelines.

Details: